header

Foundations of complex systems (Record no. 95371)

MARC details
000 -LEADER
fixed length control field 01400nam a2200373 a 4500
082 04 - DEWEY DECIMAL CLASSIFICATION NUMBER
Classification number 003.75
100 1# - MAIN ENTRY--AUTHOR NAME
Personal name Nicolis, G.,
245 10 - TITLE STATEMENT
Title Foundations of complex systems
250 ## - EDITION STATEMENT
Edition statement 2nd ed.
260 ## - PUBLICATION, DISTRIBUTION, ETC. (IMPRINT)
Place of publication Singapore ;
-- Hackensack, N.J. :
Name of publisher World Scientific,
Year of publication c2012.
300 ## - PHYSICAL DESCRIPTION
Number of Pages xvi, 367 p. :
Other physical details ill.
650 #0 - SUBJECT ADDED ENTRY--TOPICAL TERM
Topical Term Nonlinear systems.
Topical Term System analysis.
Topical Term Computational complexity.
Topical Term Nonlinear theories.
700 1# - ADDED ENTRY--PERSONAL NAME
Personal name Nicolis, Cathy.
856 40 - ELECTRONIC LOCATION AND ACCESS
Uniform Resource Identifier http://site.ebrary.com/lib/rucke/Doc?id=10563523

No items available.

© 2026 Rongo University
Contact us: librarian | system librarian | Rongo university